Fikrimizin rehberi (Record no. 8086)

MARC details
000 -BAŞLIK
Sabit Uzunlukta Kontrol Alanı 00860na a2200277 4500
001 - KONTROL NUMARASI
Denetim Alanı 13920
003 - KONTROL NUMARASI IDENTIFIER
Denetim Alanı MIRAKIL
005 - SON İŞLEM TARİHİ VE ZAMANI
Denetim Alanı 20181213155159.0
008 - SABİT-BOY VERİ ELEMANLARI - GENEL BİLGİLER
Sabit Uzunlukta Kontrol Alanı 160822b tu 000 0
020 ## - ULUSLARARASI STANDART KİTAP NUMARASI
Uluslararası Standart Kitap Numarası 9786051060453
035 ## - SİSTEM KONTROL NUMARASI
Sistem Kontrol Numarası 13920
040 ## - KATALOGLAMA KAYNAK
Orijinal Kataloglama Ajansı Milas
Kataloglama Dili tur
Metne Dönüştürmek Ajansı TR-AnCHP
082 ## - DEWEY ONLU SINIFLANDIRMA NUMARASI
Sınıflandırma Numarası ATA 923.156
Ürün Numarası M97f 2008
090 ## - SINIFLAMA NUMARASI
Sınıflama Numarası ATA 923.156 M97f 2008
100 ## - ANA GİRİŞ - KİŞİSEL İSİM
Kişisel Ad Mütercimler, Erol
245 ## - BAŞLIK TABLOSU
Başlık Fikrimizin rehberi
Sorumluluk Tablosu, Vb Erol Mütercimler
260 ## - YAYIN, DAĞITIM, VB
Yayın, Dağıtım, Vb Yeri İstanbul
Yayıncı, Dağıtıcı, Vs Adı Alfa
Yayın, Dağıtım, Vb Tarihi 2008
300 ## - FİZİKSEL TANIM
Kapsam xix, 1194 s.
Diğer Fiziksel Ayrıntıları fotg.
Boyutlar 23 sm.
490 ## - SERİSİ TABLOSU
Seri Beyanı İnceleme-Araştırma
Hacim / Ardışık Tanımı 34
490 ## - SERİSİ TABLOSU
Seri Beyanı Alfa Yayınları
Hacim / Ardışık Tanımı 1948
504 ## - KAYNAKÇA VB NOT
Kaynakça Vb Notu Kaynakça ve dizin var.
600 ## - KONU KATMA GİRİŞ - KURUMSAL ADI
Kişisel Ad Atatürk, Mustafa Kemal
Bir Adıyla İlişkilendirilen Tarihler 1881-1938
Genel Alt Bölümü Atatürk devrimleri
600 ## - KONU KATMA GİRİŞ - KURUMSAL ADI
Kişisel Ad Atatürk, Mustafa Kemal
Bir Adıyla İlişkilendirilen Tarihler 1881-1938
Genel Alt Bölümü Savaşlar
600 ## - KONU KATMA GİRİŞ - KURUMSAL ADI
Kişisel Ad Atatürk, Mustafa Kemal
Bir Adıyla İlişkilendirilen Tarihler 1881-1938
Genel Alt Bölümü Yaşamöyküsü
942 ## - EKLENDİ GİRİŞ ELEMANLARI (KOHA)
Sınıflandırma Veya Raf Düzeni Kaynak Dewey Decimal Classification
Koha Öğesi Türü Books
999 ## - SİSTEM KONTROL NUMARALARI (KOHA)
Koha Biblionumber 8086
Koha Biblioitemnumber 8086
Holdings
Kalıcı Konum Mevcut Konum Edinme Tarihi Edinim Kaynak Toplam Check-Out'Lar Tam Çağrı Numarası Barkod Tarih Son Görülme İtibaren Geçerli Fiyatlar Koha Öğesi Türü
CHP Kütüphanesi CHP Kütüphanesi 08/22/2016 Bağış   ATA 923.156 M97f 2008 001743 08/22/2016 08/22/2016 Books